• 首页
  • 本馆介绍
  • 公告通知
  • 最新文献
  • 馆藏检索
  • 电子资源
  • 读者导购
  • 参考咨询
  • 我的图书馆
  • 登录
  • 详细信息显示
  • 放入我的书架
  • 预约/预借图书
  • 作者相关作品
  • 分类相关作品
  • 丛书相关作品
  • 出版社相关作品

书目信息

  • 表格格式
  • 工作单格式
  • 卡片格式
题名:
扎根理论
    
 
作者: 弗里克 著 ;项继发 译
分册:  
出版信息: 上海   格致出版社  2021.1
页数: 166页
开本: 23cm
丛书名: 格致方法
单 册:
中图分类: G312
科图分类:
主题词: 研究方法
电子资源:
ISBN: 978-7-5432-3189-4
000 00991nam2 2200313 45
001 012001004202
005 20141014152527.0
010    @a978-7-5432-3189-4@dCNY49.00
100    @a20210316d2021 em y0chiy0110 ea
101 1  @achi@cger
102    @aCN@b310000
105    @ay z 000yy
106    @ar
200 1  @a扎根理论@Azha gen li lun@dDoing grounded theory uwe flick@f(德)伍威·弗里克著@g项继发译@zeng
210    @a上海@c格致出版社@c上海人民出版社@d2021.1
215    @a166页@d23cm
225 2  @a格致方法@i质性研究方法译丛
300    @a并列题名:Doing grounded theory uwe flick
305    @a由SAGE Publications,Ltd. 授权出版
410  0 @12001 @a格致方法
461  0 @12001 @a格致方法
462  0 @12001 @a质性研究方法译丛
510 1  @aDoing grounded theory uwe flick@zeng
606 0  @a研究方法
690    @aG312@v5
701  1 @c(德)@a弗里克@Afu li ke@b伍威@4著
702  0 @a项继发@Axiang ji fa@4译
801    @aCN@bAHXH@c20210922
905    @b1329904-8@dG312@e33@f5
    
    扎根理论=Doing grounded theory uwe flick/(德)伍威·弗里克著/项继发译.-上海:格致出版社:上海人民出版社,2021.1
    166页;23cm.-(格致方法.质性研究方法译丛)
    并列题名:Doing grounded theory uwe flick
    
    ISBN 978-7-5432-3189-4:CNY49.00
    
●
相关链接 在E读中查询图书 在五车中查询图书 在当当中查询图书 在豆瓣中查询图书


正题名:扎根理论     索取号:G312/33         预约/预借

序号 登录号 条形码 馆藏地/架位号 状态 备注
1 1329904   213299045   第一样本阅览室/ [索取号:G312/33] 在馆    
2 1329905   213299054   教育系资料室/ [索取号:G312/33] 在馆    
3 1329906   213299063   教育系资料室/ [索取号:G312/33] 在馆    
4 1329907   213299072   第四借阅区/ [索取号:G312/33] 在馆    
5 1329908   213299081   第四借阅区/ [索取号:G312/33] 在馆    
唐山师范学院图书馆 欢迎您!
大连网信软件有限公司© 版权所有